000 01244cam a2200313 i 4500
001 24712
003 Mx-PuUPA
005 20260225105010.0
008 140415s2016 uk 000 0 eng d
020 _a9781498503372
_qencuadernado en tela
_qpapel alcalino
040 _aMx-PuUPA
_bspa
_cMx-PuUPA
_dMx-PuUPA
_erda
041 0 _aeng
100 1 _aScott, Kyle,
_d1977-
_eautor
_917110
245 1 4 _aThe limits of politics :
_bmaking the case for literature in political analysis /
_cKyle Scott
264 1 _aLanham, Maryland :
_bLexington Books,
_c2016
300 _axv,147 páginas ;
_c24 cm
336 _2rdacontent
_atexto
_btxt
337 _2rdamedia
_asin medio
_bn
338 _2rdacarrier
_avolumen
_bnc
490 0 _aPolitics, Literature, & Film
650 7 _2armarc
_aCiencias políticas
_xFilosofía
650 7 _2armarc
_aPolítica y literatura
650 7 _2armarc
_aÉtica política
942 _2ddc
_cLI
_h320.01
_iS42
999 _c24712
_d24712